Biblioteca

Gospel poverty and the poor (Registro nro. 70547)

Detalles MARC
000 -LÍDER
Campo fijo de descripción fija 01400nab a2200241 i 4500
001 - NÚMERO DE CONTROL
Campo de control 768714001
003 - IDENTIFICADOR DEL NÚMERO DE CONTROL
Campo de control CO-MdFUSB
005 - FECHA Y HORA DE LA ULTIMA TRANSACCIÓN
control field 20240719122537.0
008 - ELEMENTOS DE LONGITUD FIJA -- INFORMACIÓN GENERAL
Campo fijo de descripción fija -- Información general 240719t1986 enk||||| |||| 00| 0 eng d
040 ## - FUENTE DE CATALOGACIÓN
Idioma de catalogación spa
Agencia que realiza la transcripción CO-MdFUSB
Agencia que realiza la modificación CO-MdFUSB
041 ## - CÓDIGO DE IDIOMA
Código de idioma para texto/pista de sonido o título separado eng
100 ## - ASIENTO PRINCIPAL--NOMBRE PERSONAL
Nombre personal Flood, David,
Término relacionador autor
245 ## - TÍTULO
Título Gospel poverty and the poor
Mención de responsabilidad / David Flood
520 ## - NOTA DE RESUMEN, ETC.
Nota de sumario, etc. La figura de Jesús pobre pertenecía a la cultura medieval. El lema de la devoción cristiana en la Edad Media se derivó de la enseñanza de San Jerónimo, nudum Christum nudus sequere (desnudo para seguir a Cristo)En su irónico comentario sobre los valdenses en el Sínodo de Roma de 1179, Walter Map utilizó ampliamente esta frase. En el año 1215, Jacobo de Vitryn lo utilizó para expresar su profundo anhelo en su Vida de María de Oignies.<br/>La vida de Jesús con los apóstoles y la comunidad comercial en Jerusalén fue un modelo para la vida común (vita apostolica, ecclesiae primitivae forma).
546 ## - NOTA DE IDIOMA
Nota de idioma Texto en inglés.
630 07 - PUNTO DE ACCESO ADICIONAL DE MATERIA - TÍTULO UNIFORME
Título uniforme Biblia.
Parte o sección de la obra Nuevo Testamento
650 #7 - ASIENTO SECUNDARIO DE MATERIA - TERMINO TEMÁTICO
Término temático o nombre geográfico como elemento de entrada Cristología
9 (RLIN) 239
650 #7 - ASIENTO SECUNDARIO DE MATERIA - TERMINO TEMÁTICO
Término temático o nombre geográfico como elemento de entrada Pobreza
9 (RLIN) 2466
650 #7 - ASIENTO SECUNDARIO DE MATERIA - TERMINO TEMÁTICO
Término temático o nombre geográfico como elemento de entrada Hermenéutica bíblica
9 (RLIN) 7333
773 0# - ASIENTO DE ITEM FUENTE
Biblionumber 70507
Itemnumber 82836
Lugar, editorial y fecha de publicación Londres : Board, 1966.
Otro identificador del ítem R2688
Título Concilium :
Número de control del registro (CO-MdFUSB)768714001
Número Internacional Normalizado para Publicaciones Seriadas (ISSN) 0010-5236
Parte(s) relacionada(s) / Volumen., número. (mes año), páginas Volumen 187, (número 5, 1986), páginas: 63 - 69
Enumeración y primera página página: 63
942 ## - TIPO DE MATERIAL (KOHA)
Tipo de Item KOHA Artículos de Revista
945 ## - INFORMACIÓN LOCAL DEL REGISTRO
Catalogador Catherine Arias Álvarez - Practicante SENA

No hay ítems disponibles.

Biblioteca FUSBC | Teléfono: (57+4) 349 88 10 Ext. 141| WhatsApp (+57) 3005338115 
E-mail: biblioteca@unisbc.edu.co | Calle 76 87-14 Robledo Palenque, Medellín, Colombia

Con tecnología Koha